000 05866namaa22004331i 4500
003 EG-GICUC
005 20260419154736.0
008 260419s2025 ua a|||frm||| 000 0 eng d
040 _aEG-GICUC
_beng
_cEG-GICUC
_dEG-GICUC
_erda
041 0 _aeng
_beng
_bara
049 _aDeposit
082 0 4 _a‪330.962
092 _a‪330.962
_221
097 _aPh.D
099 _aCai01.03.02.Ph.D.2025.Me.M
100 0 _aMenna Tallah Sherif Abdel- Karim Rakha,
_epreparation.
245 1 4 _aThe main determinants of energy intensity :
_ban empirical study /
_cby Menna Tallah Sherif Abdel- Karim Rakha ; Supervision Dr. Khadiga M. El-Aasar, Dr. Dalia M. Ibrahiem.
246 1 5 _a: المحددات الرئيسية لكثافة استهلاك الطاقة :
_bدراسة تطبيقية
264 0 _c2025.
300 _a131 pages :
_billustrations ;
_c25 cm. +
_eCD.
336 _atext
_2rda content
337 _aUnmediated
_2rdamedia
338 _avolume
_2rdacarrier
502 _aThesis (Ph.D)-Cairo University, 2025.
504 _aBibliography: pages 112-131.
520 3 _aThis study seeks to investigate the potential function of institutions, natural resources, human capital, and environmental regulations in reducing the energy intensity for the developing and emerging market economies and the advanced economies over the timeframe (2004-2018) by employing the PCSE estimator and the D-H test. The outcomes of the PCSE estimator suggest that natural resources tend to increase energy intensity in both economies. In contrast, institutions tend to reduce it in emerging and developing market economies and increase it in advanced economies. Environmental regulations and human capital are found to be insignificant for both economies. The findings of the D-H test indicate a short-run unidirectional causal relationship from energy intensity to institutions for emerging and developing market economies, and from energy intensity to natural resources for advanced economies. Moreover, the outcomes of the D-H test display a short-run bidirectional causal relation between natural resources and energy intensity for emerging and developing market economies and between institutions and energy intensity for advanced economies. This implies that both economies need to formulate policies that foster the quality of their institutions, as good institutions govern the utilization of natural resources. Moreover, both economies need to produce effective environmental regulations and foster the awareness of human capital of their crucial role in promoting environmental performance.
520 3 _aتهدف هذه الرسالة إلى دراسة دور المؤسسات والموارد الطبيعية ورأس المال البشري والقواعد البيئية في الحد من كثافة استهلاك الطاقة للاقتصادات النامية والناشئة والاقتصادات المتقدمة خلال الفترة الزمنية(2004-2018) باستخدام مقدر PCSE واختبار الD-H . تشير نتائج مقدر PCSE إلى أن الموارد الطبيعية تزيد من كثافة استهلاك الطاقة للاقتصادات النامية والناشئة والاقتصادات المتقدمة، كما تشير نتائج مقدر PCSE إلى أن المؤسسات تحد من كثافة استهلاك الطاقة للاقتصادات النامية والناشئة وتزيد منها للاقتصادات المتقدمة، بينما تشير نتائج الدراسة إلى عدم وجود أثر معنوي للقواعد البيئية ورأس المال البشري للاقتصادات النامية والناشئة والاقتصادات المتقدمة. وتشير نتائج اختبار ال D-H إلى وجود علاقة سببية قصيرة الأجل تمتد من متغير كثافة استهلاك الطاقة إلى متغير المؤسسات للاقتصادات النامية والناشئة ووجود علاقة سببية قصيرة الأجل تمتد من متغير كثافة استهلاك الطاقة إلى متغير الموارد الطبيعية للاقتصادات المتقدمة. كما تشير نتائج اختبار ال D-H إلى وجود علاقة سببية ثنائية الاتجاه قصيرة المدى بين متغير الموارد الطبيعية ومتغير كثافة استهلاك الطاقة للاقتصادات النامية والناشئة وبين متغير المؤسسات ومتغير كثافة استهلاك الطاقة للاقتصادات المتقدمة. وبالتالي يتعين على الاقتصادات النامية والناشئة والاقتصادات المتقدمة صياغة سياسات تهدف إلى تحسين جودة مؤسساتهم، حيث إن المؤسسات الجيدة تنظم استهلاك الموارد الطبيعية. علاوة على ذلك، يتعين عليهم صياغة قواعد بيئية فعالة وتعزيز وعي رأس المال البشري بدوره الفعال في تحسين الأداء البيئي.
530 _aIssues also as CD.
546 _aText in English and abstract in Arabic & English.
650 0 _aEnergy Intensity
650 0 _aاستهلاك الطاقة
653 1 _aEnergy Intensity
_aInstitutions
_aNatural Resources
_aHuman Capital
_aEnvironmental Regulations
_aPanel Analysis
_aكثافة استهلاك الطاقة
_aالمؤسسات
700 0 _aKhadiga M. El-Aasar
_ethesis advisor.
700 0 _aDalia M. Ibrahiem
_ethesis advisor.
900 _b01-01-2025
_cKhadiga M. El-Aasar
_cDalia M. Ibrahiem
_UCairo University
_FFaculty of Economics and Political Science
_DDepartment of Economics
905 _aShimaa
942 _2ddc
_cTH
_e21
_n0
999 _c179584